<?xml version="1.0" encoding="UTF-8"?>
<collection xmlns="http://www.loc.gov/MARC21/slim">
<record>
  <controlfield tag="001">142538</controlfield>
  <controlfield tag="005">20221214062505.0</controlfield>
  <datafield tag="024" ind1="7" ind2=" ">
    <subfield code="2">HGFVOC</subfield>
    <subfield code="a">LIC:(DE-HGF)CCBYNC3AU</subfield>
  </datafield>
  <datafield tag="035" ind1=" " ind2=" ">
    <subfield code="a">LIC:(DE-HGF)CCBYNC3AU</subfield>
  </datafield>
  <datafield tag="150" ind1=" " ind2=" ">
    <subfield code="a">Creative Commons Attribution-NonCommercial CC BY-NC 3.0 AU</subfield>
  </datafield>
  <datafield tag="680" ind1=" " ind2=" ">
    <subfield code="a">This license lets others remix, tweak, and build upon your work non-commercially, and although their new works must also acknowledge you and be non-commercial, they don’t have to license their derivative works on the same terms.</subfield>
  </datafield>
  <datafield tag="856" ind1="4" ind2=" ">
    <subfield code="u">https://creativecommons.org/licenses/by-nc/3.0/au</subfield>
    <subfield code="y">License Deed</subfield>
  </datafield>
  <datafield tag="856" ind1="4" ind2=" ">
    <subfield code="u">https://creativecommons.org/licenses/by-nc/3.0/au/legalcode</subfield>
    <subfield code="y">Legal Code</subfield>
  </datafield>
  <datafield tag="909" ind1="C" ind2="O">
    <subfield code="o">oai:juser.fz-juelich.de:908933</subfield>
    <subfield code="p">authority:HGFVOC</subfield>
    <subfield code="p">authority</subfield>
  </datafield>
  <datafield tag="980" ind1=" " ind2=" ">
    <subfield code="a">HGFVOC</subfield>
  </datafield>
  <datafield tag="980" ind1=" " ind2=" ">
    <subfield code="a">AUTHORITY</subfield>
  </datafield>
  <datafield tag="909" ind1="C" ind2="O">
    <subfield code="o">oai:juser.fz-juelich.de:908933</subfield>
  </datafield>
</record>
</collection>